• 首页
  • 本馆介绍
  • 公告通知
  • 最新文献
  • 馆藏检索
  • 电子资源
  • 读者导购
  • 参考咨询
  • 我的图书馆
  • 登录
  • 详细信息显示
  • 放入我的书架
  • 预约/预借图书
  • 作者相关作品
  • 分类相关作品
  • 丛书相关作品
  • 出版社相关作品

书目信息

  • 表格格式
  • 工作单格式
  • 卡片格式
题名:
施工升降机司机
    
 
作者: ;建筑施工特种作业人员安全技术培训教材编委会 编
分册:  
出版信息: 北京   中国环境出版集团  2021
页数: 215页
开本: 21cm
丛书名:
单 册:
中图分类: TH211.08 , TH211
科图分类:
主题词: 建筑材料--升降机--安全培训--教材
电子资源:
ISBN: 978-7-5111-4814-8
000 01158nam0 2200241 450
001 2274608106
005 20220930204345.92
010    @a978-7-5111-4814-8@dCNY25.00
100    @a20220207d2021 em y0chiy50 ea
101 0  @achi
102    @aCN@b110000
105    @aa z 000yy
200 1  @a施工升降机司机@9shi gong sheng jiang ji si ji@f《建筑施工特种作业人员安全技术培训教材》编委会编
210    @a北京@c中国环境出版集团@d2021
215    @a215页@c图@d21cm
300    @a建筑施工特种作业人员安全技术培训教材
330    @a本书共分十三章,内容包括力学基础知识,电工基础知识,机械基础知识,液压传动知识,施工升降机,施工升降机的技术参数,施工升降机的基本构造和工作原理,施工升降机的安全装置,施工升降机主要零部件的技术要求和报废标准,施工升降机的安全使用和操作,施工升降机的维护保养,施工升降机常见故障和排除方法,施工升降机事故案例分析与应急处理。
606 0  @a建筑材料@x升降机@x安全培训@j教材
690    @aTH211.08@v5
690    @aTH211@v4
711 02 @a建筑施工特种作业人员安全技术培训教材编委会@9jian zhu shi gong te zhong zuo ye ren yuan an quan ji shu pei xun jiao cai bian wei hui@4编
801  0 @aCN@b91MARC@c20220318
905    @aZUCC@dTH211@e2
    
    施工升降机司机/《建筑施工特种作业人员安全技术培训教材》编委会编.-北京:中国环境出版集团,2021
    215页:图;21cm
    建筑施工特种作业人员安全技术培训教材
    
    ISBN 978-7-5111-4814-8:CNY25.00
    本书共分十三章,内容包括力学基础知识,电工基础知识,机械基础知识,液压传动知识,施工升降机,施工升降机的技术参数,施工升降机的基本构造和工作原理,施工升降机的安全装置,施工升降机主要零部件的技术要求和报废标准,施工升降机的安全使用和操作,施工升降机的维护保养,施工升降机常见故障和排除方法,施工升降机事故案例分析与应急处理。
●
相关链接 在五车中查询图书 在当当中查询图书 在豆瓣中查询图书


正题名:施工升降机司机     索取号:TH211/2         预约/预借

序号 登录号 条形码 馆藏地/架位号 状态 备注
1 2000909584   2000909584   第三书库/ [索取号:TH211/2] 在馆    
2 2000909585   2000909585   第三书库/ [索取号:TH211/2] 在馆    
3 2000909586   2000909586   第三书库/ [索取号:TH211/2] 在馆    
山东省滨州职业学院图书馆 欢迎您!
大连网信软件有限公司© 版权所有